LEADER 00697nam a2200169 i 4500 001 000000242094 003 CaOOAMICUS 005 20150527000000.0 008 150527s1835 xx u000 u fre u 013 $a220999 040 $aSeMil$bita 245 10$aTome 4. 300 $a360 p. 773 0 $aFenelon, François $tOeuvres spirituelles de Fénélon, archevêque de Cambray.$bNouvelle édition à laquelle on a joint son Traité de l'existence de Dieu et ses Lettres sur la religion.$dParis : Didier, 1835.$g4$w()31940 850 $aSeMil 852 $aSeMil$W1$xVenegono$y1$m3F II 27 FA$j192440$B192440$CSeMilBibl$Z2$F203271 $8I 996 $6245$aTome 4$9(OLS)http://semarc/title/1585 LEADER 00897nam a2200229 i 4500 001 000000051342 003 CaOOAMICUS 005 20250509135106.0 008 100429s1955 it u000 u ita u 013 $a22514 040 $aSeMil$bita 100 1 $aGuzzetti, Giovanni Battista,$c.$0(OLS)http://semarc/name/249 245 10$a1: Morale generale /$cG. Battista Guzzetti. 260 $aTorino :$bMarietti,$c1955. 300 $a296 p. 650 4$aMorale.$0(OLS)http://semarc/subject/2260 773 0 $aGuzzetti, Giovanni Battista $tMorale cattolica.$dTorino : Marietti, 1955.$g1$w()9179 850 $aSeMil 852 $aSeMil$W1$xVenegono$y1$m2F IV 59$j17497$B17497$CSeMilBibl$Z2$F17498 $81 996 $6245$a1: Morale generale$9(OLS)http://semarc/title/402548 996 $6260$aTorino :$bMarietti$9(OLS)http://semarc/publisher/29916